[Event "European Chess Club Cup 2023"]
[Site "Durres, Albania"]
[Date "2023.10.03"]
[Round "3.9"]
[White "Gagunashvili, Merab"]
[Black "Tari, Aryan"]
[Result "1/2-1/2"]
[TimeControl "90' + 30' & 30\""]
[WhiteElo "2550"]
[BlackElo "2619"]

1. d4 {[%clk 01:30:59]} Nf6 {[%clk 01:29:02]} {[%emt 00:01:59]} 2. c4 {[%clk
01:31:14]} {[%emt 00:00:15]} g6 {[%clk 01:29:27]} {[%emt 00:00:05]} 3. g3
{[%clk 01:31:19]} {[%emt 00:00:25]} c6 {[%clk 01:29:47]} {[%emt 00:00:10]} 4.
Bg2 {[%clk 01:31:24]} {[%emt 00:00:25]} d5 {[%clk 01:30:12]} {[%emt 00:00:05]}
5. cxd5 {[%clk 01:31:20]} {[%emt 00:00:34]} cxd5 {[%clk 01:30:34]} {[%emt
00:00:07]} 6. Nf3 {[%clk 01:31:42]} {[%emt 00:00:08]} Bg7 {[%clk 01:30:49]}
{[%emt 00:00:15]} 7. Nc3 {[%clk 01:31:38]} {[%emt 00:00:34]} O-O {[%clk
01:30:23]} {[%emt 00:00:56]} 8. Ne5 {[%clk 01:30:15]} {[%emt 00:01:54]} Nc6
{[%clk 01:30:27]} {[%emt 00:00:26]} 9. O-O {[%clk 01:30:39]} {[%emt 00:00:06]}
Bf5 {[%clk 01:30:45]} {[%emt 00:00:12]} 10. Nxc6 {[%clk 01:29:33]} {[%emt
00:01:36]} bxc6 {[%clk 01:31:05]} {[%emt 00:00:10]} 11. Bf4 {[%clk 01:29:50]}
{[%emt 00:00:13]} Nh5 {[%clk 01:30:57]} {[%emt 00:00:37]} 12. Be3 {[%clk
01:27:19]} {[%emt 00:03:02]} c5 {[%clk 01:31:20]} {[%emt 00:00:07]} 13. Nxd5
{[%clk 01:19:46]} {[%emt 00:08:03]} e6 {[%clk 01:30:14]} {[%emt 00:01:36]} 14.
Nf4 {[%clk 01:18:41]} {[%emt 00:01:34]} cxd4 {[%clk 01:29:40]} {[%emt
00:01:05]} 15. Nxh5 {[%clk 01:15:22]} {[%emt 00:03:49]} gxh5 {[%clk 01:28:21]}
{[%emt 00:01:49]} 16. Bxa8 {[%clk 01:09:37]} {[%emt 00:06:15]} Qxa8 {[%clk
01:27:54]} {[%emt 00:00:56]} 17. Bd2 {[%clk 01:08:41]} {[%emt 00:01:27]} Bh3
{[%clk 01:28:18]} {[%emt 00:00:06]} 18. f3 {[%clk 01:09:07]} {[%emt 00:00:04]}
Bxf1 {[%clk 01:26:58]} {[%emt 00:01:50]} 19. Kxf1 {[%clk 01:04:14]} {[%emt
00:05:23]} h4 {[%clk 01:19:01]} {[%emt 00:08:27]} 20. Kg2 {[%clk 01:02:46]}
{[%emt 00:01:58]} hxg3 {[%clk 01:05:33]} {[%emt 00:13:58]} 21. hxg3 {[%clk
01:02:48]} {[%emt 00:00:27]} Qd5 {[%clk 01:05:13]} {[%emt 00:00:50]} 22. Qb3
{[%clk 00:58:43]} {[%emt 00:04:35]} d3 {[%clk 01:01:47]} {[%emt 00:03:57]} 23.
Qxd5 {[%clk 00:57:09]} {[%emt 00:02:04]} exd5 {[%clk 01:02:13]} {[%emt
00:00:04]} 24. exd3 {[%clk 00:57:31]} {[%emt 00:00:08]} Rb8 {[%clk 01:01:13]}
{[%emt 00:01:30]} 25. Rb1 {[%clk 00:57:04]} {[%emt 00:00:57]} Rxb2 {[%clk
01:01:32]} {[%emt 00:00:12]} 26. Rxb2 {[%clk 00:57:28]} {[%emt 00:00:05]} Bxb2
{[%clk 01:01:59]} {[%emt 00:00:03]} 27. g4 {[%clk 00:57:00]} {[%emt 00:00:58]}
Kg7 {[%clk 01:01:28]} {[%emt 00:01:00]} 28. Kg3 {[%clk 00:56:27]} {[%emt
00:01:03]} Kg6 {[%clk 01:01:20]} {[%emt 00:00:39]} 29. Bf4 {[%clk 00:52:19]}
{[%emt 00:04:37]} a6 {[%clk 01:00:41]} {[%emt 00:01:10]} 30. Bc7 {[%clk
00:51:47]} {[%emt 00:01:01]} f6 {[%clk 01:00:41]} {[%emt 00:00:31]} 31. Bb6
{[%clk 00:49:02]} {[%emt 00:03:15]} h5 {[%clk 00:59:05]} {[%emt 00:02:06]} 32.
Kh4 {[%clk 00:47:36]} {[%emt 00:01:56]} hxg4 {[%clk 00:59:30]} {[%emt
00:00:05]} 33. fxg4 {[%clk 00:47:18]} {[%emt 00:00:48]} f5 {[%clk 00:59:43]}
{[%emt 00:00:16]} 34. Kg3 {[%clk 00:47:32]} {[%emt 00:00:17]} fxg4 {[%clk
01:00:00]} {[%emt 00:00:13]} 35. Kxg4 {[%clk 00:47:49]} {[%emt 00:00:11]}
1/2-1/2

[Event "European Chess Club Cup 2023"]
[Site "Durres, Albania"]
[Date "2023.10.03"]
[Round "3.10"]
[White "Pranav, V"]
[Black "Krstulovic, Alex"]
[Result "1-0"]
[TimeControl "90' + 30' & 30\""]
[WhiteElo "2579"]
[BlackElo "2433"]

1. e4 {[%clk 01:29:14]} {[%emt 00:01:37]} e6 {[%clk 01:30:54]} {[%emt
00:00:15]} 2. d4 {[%clk 01:29:26]} {[%emt 00:00:19]} d5 {[%clk 01:31:17]}
{[%emt 00:00:06]} 3. Nc3 {[%clk 01:29:48]} {[%emt 00:00:09]} Nf6 {[%clk
01:31:42]} {[%emt 00:00:04]} 4. e5 {[%clk 01:28:04]} {[%emt 00:02:15]} Nfd7
{[%clk 01:32:04]} {[%emt 00:00:06]} 5. f4 {[%clk 01:28:23]} {[%emt 00:00:13]}
c5 {[%clk 01:32:29]} {[%emt 00:00:04]} 6. Nf3 {[%clk 01:28:47]} {[%emt
00:00:07]} Nc6 {[%clk 01:32:52]} {[%emt 00:00:03]} 7. Be3 {[%clk 01:29:11]}
{[%emt 00:00:10]} Qb6 {[%clk 01:33:13]} {[%emt 00:00:06]} 8. Na4 {[%clk
01:28:43]} {[%emt 00:01:00]} Qa5+ {[%clk 01:33:38]} {[%emt 00:00:05]} 9. c3
{[%clk 01:29:05]} {[%emt 00:00:08]} b6 {[%clk 01:33:57]} {[%emt 00:00:10]} 10.
Bd2 {[%clk 01:29:16]} {[%emt 00:00:21]} c4 {[%clk 01:34:20]} {[%emt 00:00:07]}
11. b4 {[%clk 01:29:31]} {[%emt 00:00:15]} Nxb4 {[%clk 01:34:43]} {[%emt
00:00:07]} 12. cxb4 {[%clk 01:29:55]} {[%emt 00:00:06]} Bxb4 {[%clk 01:35:09]}
{[%emt 00:00:04]} 13. Qc2 {[%clk 01:30:09]} {[%emt 00:00:16]} Bxd2+ {[%clk
01:35:34]} {[%emt 00:00:05]} 14. Nxd2 {[%clk 01:30:31]} {[%emt 00:00:07]} b5
{[%clk 01:36:02]} {[%emt 00:00:02]} 15. Nc3 {[%clk 01:30:53]} {[%emt 00:00:08]}
b4 {[%clk 01:36:29]} {[%emt 00:00:04]} 16. Ne2 {[%clk 01:31:18]} {[%emt
00:00:05]} Nb8 {[%emt 00:02:35]} 17. h4 {[%clk 01:29:37]} Nc6 {[%clk 01:31:31]}
{[%emt 00:05:33]} 18. Kf2 {[%clk 01:28:13]} {[%emt 00:01:54]} Qb6 {[%clk
01:31:01]} {[%emt 00:01:01]} 19. Nf3 {[%clk 01:27:53]} {[%emt 00:00:50]} f6
{[%clk 01:29:09]} {[%emt 00:02:22]} 20. exf6 {[%clk 01:17:22]} {[%emt
00:11:00]} gxf6 {[%clk 01:28:49]} {[%emt 00:00:50]} 21. Qd2 {[%clk 01:16:48]}
{[%emt 00:01:04]} e5 {[%clk 00:57:07]} {[%emt 00:32:13]} 22. fxe5 {[%clk
00:59:15]} {[%emt 00:18:03]} fxe5 {[%clk 00:57:30]} {[%emt 00:00:06]} 23. Qg5
{[%clk 00:57:55]} {[%emt 00:01:50]} Rf8 {[%clk 00:54:06]} {[%emt 00:03:54]} 24.
Qh5+ {[%clk 00:55:18]} {[%emt 00:03:07]} Rf7 {[%clk 00:41:09]} {[%emt
00:13:27]} 25. Nf4 {[%clk 00:33:05]} {[%emt 00:22:44]} Kf8 {[%clk 00:24:35]}
{[%emt 00:17:04]} 26. Nxd5 {[%clk 00:28:44]} {[%emt 00:04:50]} Qxd4+ {[%clk
00:23:22]} {[%emt 00:01:43]} 27. Ne3 {[%clk 00:29:07]} {[%emt 00:00:08]} Qb2+
{[%clk 00:21:08]} {[%emt 00:02:41]} 28. Be2 {[%clk 00:27:22]} {[%emt 00:02:17]}
Nd4 {[%clk 00:15:16]} {[%emt 00:06:22]} 29. Rae1 {[%clk 00:26:56]} {[%emt
00:00:56]} Be6 {[%clk 00:03:48]} {[%emt 00:11:57]} 30. Qxe5 {[%clk 00:23:39]}
{[%emt 00:03:48]} Re8 {[%clk 00:03:00]} {[%emt 00:01:18]} 31. Nd1 {[%clk
00:19:39]} {[%emt 00:04:31]} Qd2 {[%clk 00:02:25]} {[%emt 00:01:04]} 32. Kg3
{[%clk 00:19:42]} {[%emt 00:00:28]} Nxf3 {[%clk 00:00:32]} {[%emt 00:02:22]} 33.
Bxf3 {[%clk 00:20:04]} {[%emt 00:00:09]} Kg8 {[%clk 00:00:31]} {[%emt
00:00:30]} 34. Ne3 {[%clk 00:18:21]} {[%emt 00:02:14]} Rg7+ {[%clk 00:00:32]}
{[%emt 00:00:29]} 35. Kh2 {[%clk 00:17:43]} {[%emt 00:01:08]} Bf7 {[%clk
00:00:31]} {[%emt 00:00:30]} 36. Qf4 {[%clk 00:17:55]} {[%emt 00:00:18]} c3
{[%clk 00:00:32]} {[%emt 00:00:30]} 37. Re2 {[%clk 00:17:49]} {[%emt 00:00:37]}
Qd8 {[%clk 00:00:31]} {[%emt 00:00:30]} 38. Rd1 {[%clk 00:16:32]} {[%emt
00:01:47]} Qb6 {[%clk 00:00:32]} {[%emt 00:00:29]} 39. Nf5 {[%clk 00:16:05]}
{[%emt 00:00:57]} Rxe2 {[%clk 00:00:31]} {[%emt 00:00:30]} 40. Bxe2 {[%clk
00:16:28]} {[%emt 00:00:08]} c2 {[%clk 00:00:33]} {[%emt 00:00:28]} 41. Rf1
{[%clk 00:16:41]} {[%emt 00:00:16]} 1-0

[Event "European Chess Club Cup 2023"]
[Site "Durres, Albania"]
[Date "2023.10.03"]
[Round "3.11"]
[White "Pezelj, Novak"]
[Black "Christiansen, Johan-Sebastian"]
[Result "0-1"]
[TimeControl "90' + 30' & 30\""]
[WhiteElo "2476"]
[BlackElo "2606"]

1. c4 {[%clk 01:30:57]} {[%emt 00:00:02]} e5 {[%clk 01:27:44]} {[%emt
00:03:17]} 2. Nc3 {[%clk 01:31:00]} {[%emt 00:00:27]} Bb4 {[%clk 01:26:52]}
{[%emt 00:01:22]} 3. Nd5 {[%clk 01:29:51]} {[%emt 00:01:38]} a5 {[%clk
01:25:32]} {[%emt 00:01:51]} 4. a3 {[%clk 01:24:20]} {[%emt 00:06:01]} Bc5
{[%clk 01:25:10]} {[%emt 00:00:52]} 5. e3 {[%clk 01:24:28]} {[%emt 00:00:22]}
Nf6 {[%clk 01:25:18]} {[%emt 00:00:22]} 6. d4 {[%clk 01:16:42]} {[%emt
00:08:16]} Nxd5 {[%clk 01:25:11]} {[%emt 00:00:37]} 7. dxc5 {[%clk 01:16:26]}
{[%emt 00:00:46]} Nf6 {[%clk 01:25:20]} {[%emt 00:00:21]} 8. Rb1 {[%clk
01:10:12]} {[%emt 00:06:44]} Qe7 {[%clk 01:00:11]} {[%emt 00:25:38]} 9. b4
{[%clk 01:09:11]} {[%emt 00:01:32]} axb4 {[%clk 00:58:40]} {[%emt 00:02:01]} 10.
axb4 {[%clk 01:09:22]} {[%emt 00:00:18]} b6 {[%clk 00:57:59]} {[%emt 00:01:12]}
11. cxb6 {[%clk 01:08:26]} {[%emt 00:01:25]} cxb6 {[%clk 00:57:54]} {[%emt
00:00:36]} 12. Nf3 {[%clk 01:02:22]} {[%emt 00:06:33]} Bb7 {[%clk 00:56:38]}
{[%emt 00:01:47]} 13. Be2 {[%clk 01:00:47]} {[%emt 00:02:05]} Be4 {[%clk
00:43:05]} {[%emt 00:14:03]} 14. Rb3 {[%clk 00:37:29]} {[%emt 00:23:48]} Ra2
{[%clk 00:38:04]} {[%emt 00:05:31]} 15. Bb2 {[%clk 00:35:49]} {[%emt 00:02:09]}
Nc6 {[%clk 00:38:08]} {[%emt 00:00:27]} 16. O-O {[%clk 00:35:27]} {[%emt
00:00:52]} O-O {[%clk 00:38:10]} {[%emt 00:00:26]} 17. Nd2 {[%clk 00:32:42]}
{[%emt 00:03:17]} Bf5 {[%clk 00:33:51]} {[%emt 00:04:48]} 18. Nb1 {[%clk
00:32:12]} {[%emt 00:01:01]} Nxb4 {[%clk 00:28:17]} {[%emt 00:06:04]} 19. Qd2
{[%clk 00:30:00]} {[%emt 00:02:41]} Nc6 {[%clk 00:26:10]} {[%emt 00:02:38]} 20.
Rxb6 {[%clk 00:22:50]} {[%emt 00:07:41]} Ne4 {[%clk 00:26:07]} {[%emt
00:00:32]} 21. Qc1 {[%clk 00:22:09]} {[%emt 00:01:10]} Rc8 {[%clk 00:10:57]}
{[%emt 00:15:41]} 22. f3 {[%clk 00:13:10]} {[%emt 00:09:29]} Nc5 {[%clk
00:09:54]} {[%emt 00:01:32]} 23. Nc3 {[%clk 00:12:55]} {[%emt 00:00:46]} Ra7
{[%clk 00:08:50]} {[%emt 00:01:34]} 24. Ba3 {[%clk 00:09:22]} {[%emt 00:04:03]}
Rca8 {[%clk 00:07:39]} {[%emt 00:01:41]} 25. Nd5 {[%clk 00:06:10]} {[%emt
00:03:43]} Qf8 {[%clk 00:08:06]} {[%emt 00:00:02]} 26. Bxc5 {[%clk 00:04:51]}
{[%emt 00:01:49]} Qxc5 {[%clk 00:08:34]} {[%emt 00:00:02]} 27. Rb5 {[%clk
00:05:14]} {[%emt 00:00:07]} Qa3 {[%clk 00:04:59]} {[%emt 00:04:05]} 28. Nb6
{[%clk 00:04:46]} {[%emt 00:00:58]} Qxc1 {[%clk 00:05:03]} {[%emt 00:00:26]} 29.
Rxc1 {[%clk 00:05:11]} {[%emt 00:00:05]} Ra1 {[%clk 00:05:24]} {[%emt
00:00:09]} 30. Rxa1 {[%clk 00:04:36]} {[%emt 00:01:05]} Rxa1+ {[%clk 00:05:52]}
{[%emt 00:00:02]} 31. Kf2 {[%clk 00:05:01]} {[%emt 00:00:05]} Ra2 {[%clk
00:05:30]} {[%emt 00:00:52]} 32. Ke1 {[%clk 00:03:57]} {[%emt 00:01:33]} Be6
{[%clk 00:03:59]} {[%emt 00:02:02]} 33. Rb1 {[%clk 00:03:17]} {[%emt 00:01:09]}
Kf8 {[%clk 00:03:05]} {[%emt 00:01:25]} 34. Rd1 {[%clk 00:03:07]} {[%emt
00:00:40]} Ke7 {[%clk 00:02:16]} {[%emt 00:01:18]} 35. Rd2 {[%clk 00:02:21]}
{[%emt 00:01:16]} Ra1+ {[%clk 00:02:00]} {[%emt 00:00:47]} 36. Kf2 {[%clk
00:02:45]} {[%emt 00:00:05]} Kd8 {[%clk 00:01:23]} {[%emt 00:01:08]} 37. Bd3
{[%clk 00:02:32]} {[%emt 00:00:43]} f5 {[%clk 00:01:10]} {[%emt 00:00:43]} 38.
g4 {[%clk 00:01:13]} {[%emt 00:01:48]} g6 {[%clk 00:01:00]} {[%emt 00:00:40]}
39. gxf5 {[%clk 00:01:07]} {[%emt 00:00:36]} gxf5 {[%clk 00:01:29]} {[%emt
00:00:02]} 40. Bf1 {[%clk 00:00:47]} {[%emt 00:00:49]} Ra3 {[%clk 00:01:20]}
{[%emt 00:00:39]} 41. Nd5 {[%clk 00:22:54]} {[%emt 00:08:23]} h6 {[%clk
00:25:02]} {[%emt 00:06:49]} 42. Be2 {[%clk 00:15:30]} {[%emt 00:07:55]} Ne7
{[%clk 00:17:58]} {[%emt 00:07:33]} 43. Nb4 {[%clk 00:15:46]} {[%emt 00:00:14]}
Rc3 {[%clk 00:16:50]} {[%emt 00:01:37]} 44. Rc2 {[%clk 00:12:13]} {[%emt
00:04:03]} Rb3 {[%clk 00:14:05]} {[%emt 00:03:16]} 45. Nd3 {[%clk 00:12:23]}
{[%emt 00:00:19]} Nc6 {[%clk 00:14:33]} {[%emt 00:00:02]} 46. f4 {[%clk
00:09:33]} {[%emt 00:03:21]} e4 {[%clk 00:11:29]} {[%emt 00:03:35]} 47. Nc5
{[%clk 00:08:26]} {[%emt 00:01:36]} Ra3 {[%clk 00:11:57]} {[%emt 00:00:01]} 48.
Nxe6+ {[%clk 00:06:06]} {[%emt 00:02:51]} dxe6 {[%clk 00:12:26]} {[%emt
00:00:02]} 49. Rb2 {[%clk 00:06:28]} {[%emt 00:00:07]} Kc7 {[%clk 00:11:36]}
{[%emt 00:01:20]} 50. Rb1 {[%clk 00:04:00]} {[%emt 00:02:58]} Ra2 {[%clk
00:11:21]} {[%emt 00:00:46]} 51. Rb5 {[%clk 00:03:29]} {[%emt 00:01:00]} Kd6
{[%clk 00:07:04]} {[%emt 00:04:47]} 52. Rb6 {[%clk 00:03:46]} {[%emt 00:00:13]}
Kc7 {[%clk 00:06:47]} {[%emt 00:00:47]} 53. Rb5 {[%clk 00:04:15]} {[%emt
00:00:01]} Ra4 {[%clk 00:05:49]} {[%emt 00:01:28]} 54. h4 {[%clk 00:03:21]}
{[%emt 00:01:23]} Kd6 {[%clk 00:04:51]} {[%emt 00:01:29]} 55. Rb6 {[%clk
00:03:40]} {[%emt 00:00:12]} Rb4 {[%clk 00:05:15]} {[%emt 00:00:05]} 56. Ra6
{[%clk 00:03:02]} {[%emt 00:01:08]} Rb2 {[%clk 00:05:37]} {[%emt 00:00:08]} 57.
Kf1 {[%clk 00:03:01]} {[%emt 00:00:31]} Rb8 {[%clk 00:02:52]} {[%emt 00:03:15]}
58. Kf2 {[%clk 00:03:27]} {[%emt 00:00:04]} Kc5 {[%clk 00:03:06]} {[%emt
00:00:16]} 59. Kf1 {[%clk 00:02:28]} {[%emt 00:01:29]} Kd6 {[%clk 00:02:20]}
{[%emt 00:01:17]} 60. Kf2 {[%clk 00:02:47]} {[%emt 00:00:10]} Kc7 {[%clk
00:01:53]} {[%emt 00:00:57]} 61. Kf1 {[%clk 00:02:10]} {[%emt 00:01:07]} Rb7
{[%clk 00:01:47]} {[%emt 00:00:37]} 62. Ra8 {[%clk 00:02:15]} {[%emt 00:00:24]}
Rb8 {[%clk 00:02:15]} {[%emt 00:00:02]} 63. Ra6 {[%clk 00:02:39]} {[%emt
00:00:06]} Rb1+ {[%clk 00:01:53]} {[%emt 00:00:52]} 64. Kf2 {[%clk 00:03:03]}
{[%emt 00:00:05]} Kb7 {[%clk 00:02:05]} {[%emt 00:00:20]} 65. Ra2 {[%clk
00:02:54]} {[%emt 00:00:38]} Nb4 {[%clk 00:02:16]} {[%emt 00:00:20]} 66. Rd2
{[%clk 00:01:24]} {[%emt 00:01:58]} Kc7 {[%clk 00:02:34]} {[%emt 00:00:13]} 67.
Kg2 {[%clk 00:00:36]} {[%emt 00:01:18]} Rc1 {[%clk 00:01:34]} {[%emt 00:01:30]}
68. Kf2 {[%clk 00:01:05]} Rc3 {[%clk 00:00:45]} {[%emt 00:01:19]} 69. c5 {[%clk
00:00:31]} {[%emt 00:01:04]} Rxc5 {[%clk 00:00:52]} {[%emt 00:00:23]} 70. Rd4
{[%clk 00:00:35]} {[%emt 00:00:26]} Nc2 {[%clk 00:00:49]} {[%emt 00:00:33]} 71.
Rc4 {[%clk 00:01:01]} {[%emt 00:00:04]} Rxc4 {[%clk 00:01:09]} {[%emt
00:00:10]} 72. Bxc4 {[%clk 00:01:29]} {[%emt 00:00:02]} Kd6 {[%clk 00:01:32]}
{[%emt 00:00:07]} 73. Ba6 {[%clk 00:01:31]} {[%emt 00:00:27]} Nb4 {[%emt
00:00:26]} 74. Bc4 {[%clk 00:01:44]} Nd5 {[%clk 00:02:09]} {[%emt 00:00:14]} 75.
Bb3 {[%clk 00:01:32]} {[%emt 00:00:42]} Kc5 {[%clk 00:01:18]} {[%emt 00:01:21]}
76. Ba4 {[%clk 00:01:50]} {[%emt 00:00:11]} Kc4 {[%clk 00:01:17]} {[%emt
00:00:32]} 77. Bd7 {[%clk 00:02:07]} {[%emt 00:00:13]} Kd3 {[%clk 00:00:49]}
{[%emt 00:00:58]} 78. Bxe6 {[%clk 00:02:30]} {[%emt 00:00:06]} Nxe3 {[%clk
00:01:17]} {[%emt 00:00:03]} 79. Kg3 {[%clk 00:02:27]} {[%emt 00:00:32]} Kd2
{[%clk 00:01:11]} {[%emt 00:00:38]} 80. Bd7 {[%clk 00:01:54]} {[%emt 00:01:02]}
Nf1+ {[%clk 00:01:19]} {[%emt 00:00:22]} 0-1

[Event "European Chess Club Cup 2023"]
[Site "Durres, Albania"]
[Date "2023.10.03"]
[Round "3.12"]
[White "Haldorsen, Benjamin"]
[Black "Sukovic, Andrej"]
[Result "1-0"]
[TimeControl "90' + 30' & 30\""]
[WhiteElo "2454"]
[BlackElo "2380"]

1. e4 {[%clk 01:30:06]} {[%emt 00:00:54]} e6 {[%clk 01:29:57]} {[%emt
00:01:03]} 2. d4 {[%clk 01:28:46]} {[%emt 00:01:50]} d5 {[%clk 01:30:13]}
{[%emt 00:00:15]} 3. Nc3 {[%clk 01:27:34]} {[%emt 00:01:41]} Bb4 {[%clk
01:29:51]} {[%emt 00:00:52]} 4. e5 {[%clk 01:27:27]} {[%emt 00:00:38]} c5
{[%clk 01:30:08]} {[%emt 00:00:13]} 5. Bd2 {[%clk 01:27:43]} {[%emt 00:00:14]}
Ne7 {[%clk 01:23:59]} {[%emt 00:06:39]} 6. Nb5 {[%clk 01:24:45]} {[%emt
00:03:28]} Bxd2+ {[%clk 01:20:41]} {[%emt 00:03:48]} 7. Qxd2 {[%clk 01:25:11]}
{[%emt 00:00:05]} O-O {[%clk 01:20:41]} {[%emt 00:00:30]} 8. f4 {[%clk
01:22:47]} {[%emt 00:02:53]} cxd4 {[%clk 01:01:22]} {[%emt 00:19:49]} 9. Nf3
{[%clk 01:22:55]} {[%emt 00:00:23]} Nbc6 {[%clk 01:01:43]} {[%emt 00:00:08]} 10.
Bd3 {[%clk 01:16:12]} {[%emt 00:07:13]} a6 {[%clk 00:51:02]} {[%emt 00:11:11]}
11. Nbxd4 {[%clk 01:08:37]} {[%emt 00:08:06]} Nxd4 {[%clk 00:51:06]} {[%emt
00:00:25]} 12. Nxd4 {[%clk 01:09:00]} {[%emt 00:00:06]} Nc6 {[%clk 00:45:48]}
{[%emt 00:05:48]} 13. Nf3 {[%clk 01:05:38]} {[%emt 00:03:53]} Qa5 {[%clk
00:42:49]} {[%emt 00:03:29]} 14. a3 {[%clk 00:52:32]} {[%emt 00:13:36]} Qxd2+
{[%clk 00:35:21]} {[%emt 00:07:58]} 15. Kxd2 {[%clk 00:52:26]} {[%emt
00:00:36]} Bd7 {[%clk 00:35:29]} {[%emt 00:00:21]} 16. h4 {[%clk 00:49:28]}
{[%emt 00:03:28]} f6 {[%clk 00:28:55]} {[%emt 00:07:05]} 17. Rhf1 {[%clk
00:45:30]} {[%emt 00:04:28]} Rf7 {[%clk 00:16:18]} {[%emt 00:13:07]} 18. Rae1
{[%clk 00:43:45]} {[%emt 00:02:15]} Raf8 {[%clk 00:15:31]} {[%emt 00:01:17]} 19.
g3 {[%clk 00:41:38]} {[%emt 00:02:37]} Re7 {[%clk 00:14:46]} {[%emt 00:01:15]}
20. c3 {[%clk 00:27:39]} {[%emt 00:14:29]} Be8 {[%clk 00:14:38]} {[%emt
00:00:37]} 21. Nd4 {[%clk 00:26:36]} {[%emt 00:01:33]} Nxd4 {[%clk 00:11:28]}
{[%emt 00:03:40]} 22. cxd4 {[%clk 00:27:01]} {[%emt 00:00:05]} Bg6 {[%clk
00:11:42]} {[%emt 00:00:18]} 23. exf6 {[%clk 00:20:51]} {[%emt 00:06:40]} Rxf6
{[%clk 00:11:38]} {[%emt 00:00:33]} 24. Bxg6 {[%clk 00:17:58]} {[%emt
00:03:23]} Rxg6 {[%clk 00:11:50]} {[%emt 00:00:18]} 25. Re3 {[%clk 00:18:23]}
{[%emt 00:00:05]} Kf7 {[%clk 00:10:30]} {[%emt 00:01:50]} 26. Rc1 {[%clk
00:14:34]} {[%emt 00:04:19]} h6 {[%clk 00:10:33]} {[%emt 00:00:27]} 27. Ke2
{[%clk 00:12:52]} {[%emt 00:02:12]} Rf6 {[%clk 00:10:11]} {[%emt 00:00:52]} 28.
Re5 {[%clk 00:12:26]} {[%emt 00:00:57]} Ke8 {[%clk 00:07:05]} {[%emt 00:03:35]}
29. Rc8+ {[%clk 00:09:58]} {[%emt 00:02:58]} Kd7 {[%clk 00:07:34]} {[%emt
00:00:01]} 30. Rg8 {[%clk 00:10:02]} {[%emt 00:00:26]} Kc6 {[%clk 00:07:03]}
{[%emt 00:01:01]} 31. Re3 {[%clk 00:10:10]} {[%emt 00:00:22]} Kb5 {[%clk
00:06:42]} {[%emt 00:00:50]} 32. Rb3+ {[%clk 00:08:36]} {[%emt 00:02:04]} Ka5
{[%clk 00:05:58]} {[%emt 00:01:15]} 33. Rc3 {[%clk 00:07:29]} {[%emt 00:01:38]}
Ka4 {[%clk 00:06:13]} {[%emt 00:00:14]} 34. Kf3 {[%clk 00:05:32]} {[%emt
00:02:27]} Rff7 {[%clk 00:05:33]} {[%emt 00:01:10]} 35. Re3 {[%clk 00:02:53]}
{[%emt 00:03:09]} Rc7 {[%clk 00:03:41]} {[%emt 00:02:22]} 36. Rxe6 {[%clk
00:02:58]} {[%emt 00:00:25]} Kb3 {[%clk 00:02:10]} {[%emt 00:02:01]} 37. Rb6+
{[%clk 00:03:03]} {[%emt 00:00:25]} Kc4 {[%clk 00:02:25]} {[%emt 00:00:15]} 38.
Rb4+ {[%clk 00:02:42]} {[%emt 00:00:51]} Kd3 {[%clk 00:02:50]} {[%emt
00:00:05]} 39. Rd8 {[%clk 00:02:17]} {[%emt 00:00:55]} g5 {[%clk 00:00:41]}
{[%emt 00:02:39]} 40. Rxd5 {[%clk 00:01:32]} {[%emt 00:01:15]} gxf4 {[%clk
00:00:46]} {[%emt 00:00:25]} 41. gxf4 {[%clk 00:00:49]} {[%emt 00:01:13]} Rc1
{[%clk 00:29:27]} {[%emt 00:01:49]} 42. f5 {[%clk 00:26:13]} {[%emt 00:05:06]}
Rh1 {[%clk 00:22:33]} {[%emt 00:07:24]} 43. Kg4 {[%clk 00:18:39]} {[%emt
00:08:04]} h5+ {[%clk 00:19:11]} {[%emt 00:03:52]} 44. Kxh5 {[%clk 00:16:59]}
{[%emt 00:02:10]} Rg1 {[%clk 00:17:51]} {[%emt 00:01:49]} 45. Rb6 {[%clk
00:16:02]} {[%emt 00:01:28]} Ke4 {[%clk 00:18:01]} {[%emt 00:00:20]} 46. Rc5
{[%clk 00:15:55]} {[%emt 00:00:37]} Kxd4 {[%emt 00:03:37]} 47. b4 {[%clk
00:16:04]} Ke4 {[%clk 00:15:39]} {[%emt 00:00:07]} 48. Re6+ {[%clk 00:13:46]}
{[%emt 00:02:46]} Kf4 {[%clk 00:15:50]} {[%emt 00:00:20]} 49. Rg6 {[%clk
00:13:38]} {[%emt 00:00:38]} Rh7+ {[%clk 00:16:10]} {[%emt 00:00:09]} 50. Rh6
{[%clk 00:13:54]} {[%emt 00:00:14]} Rf7 {[%clk 00:15:56]} {[%emt 00:00:45]} 51.
f6 {[%clk 00:12:49]} {[%emt 00:01:36]} Rg8 {[%clk 00:15:27]} {[%emt 00:00:58]}
52. Rg5 {[%clk 00:10:27]} {[%emt 00:02:51]} Rgf8 {[%clk 00:15:41]} {[%emt
00:00:17]} 53. Rg1 {[%clk 00:10:20]} {[%emt 00:00:37]} Rd7 {[%clk 00:11:25]}
{[%emt 00:04:46]} 54. Rf1+ {[%clk 00:10:09]} {[%emt 00:00:41]} Ke5 {[%clk
00:11:48]} {[%emt 00:00:06]} 55. Kg5 {[%clk 00:09:22]} {[%emt 00:01:18]} Rd3
{[%clk 00:11:28]} {[%emt 00:00:50]} 56. Re1+ {[%clk 00:09:12]} {[%emt
00:00:39]} Kd5 {[%clk 00:11:37]} {[%emt 00:00:21]} 57. Re7 {[%clk 00:08:45]}
{[%emt 00:00:58]} Rg3 {[%clk 00:09:42]} {[%emt 00:02:24]} 58. Kf4 {[%clk
00:07:50]} {[%emt 00:01:26]} Rxa3 {[%clk 00:09:52]} {[%emt 00:00:18]} 59. f7
{[%clk 00:06:29]} {[%emt 00:01:53]} Ra1 {[%clk 00:09:35]} {[%emt 00:00:46]} 60.
Rf6 {[%clk 00:05:39]} {[%emt 00:01:21]} Rf1+ {[%clk 00:09:09]} {[%emt
00:00:56]} 61. Kg5 {[%clk 00:05:46]} {[%emt 00:00:23]} Rg1 {[%clk 00:09:20]}
{[%emt 00:00:19]} 62. Kf5 {[%clk 00:05:38]} {[%emt 00:00:39]} Rh8 {[%clk
00:09:19]} {[%emt 00:00:30]} 63. Re5+ {[%clk 00:05:53]} {[%emt 00:00:15]} 1-0